000 01397cam a22004334i 4500
003 PE-LiUPU
005 20250731173114.0
008 150623s1962 ag a r 000 0 d
035 _a(Sirsi) a25140
040 _aPE-LiUPU
_bspa
_cPE-LiUPU
_erda
082 0 4 _a220.8
_bB3:4
_221
130 _aBiblia.
_pA.T.
_pJob-Zacarías.
245 1 3 _aLa Biblia.
264 1 _aBuenos Aires :
_bCodex,
_c1962.
300 _apag. varia :
_bilustraciones, gráficos ;
_c31 centímetros
336 _atext
_2rdacontent
337 _aunmediated
_2rdamedia
338 _avolume
_2rdacarrier
500 _aT3. del vol 20 al 30; t.4 del vol 31 al 34.
505 0 _aLa Biblia.
526 _aSEG42
526 _aSEG41
526 _aSEG40
526 _aSEG39
526 _aP94
526 _aP87
526 _aP86
526 _aP85
526 _aP77
526 _aP76
526 _aP35
630 _aBiblia.
_pA.T.
_pJob-Zacarías.
700 1 _aSegura, Ernesto.
942 _2ddc
_cBOOK
949 _a220.8 B3:4
_wDEWEY
_c1
_i50005
_lCCODEBUL1
_mBUL
_p20.00
_r0
_sY
_tBOOK
_u2015-06-24
_xTEOLOGIA
_PP35
_0COMPRA
_o.STAFF. Colección Teología
596 _a1
999 _a220.8 B3:4
_wDEWEY
_c30805
_i50005
_f2021-11-9
_g5
_lCCODEBUL1
_mBUL
_p20.00
_r1
_sY
_tBOOK
_u2015-6-24
_xTEOLOGIA
_PP35
_0COMPRA
_o.STAFF. Colección Teología
_d30805
980 _81
_gALBERTO SANCHEZ Responsable de Automatización